name all google translate lingos* - Statistics

General Stats
  • This quiz has been taken 9 times
  • The average score is 36 of 133
Answer Stats
Answer % Correct
English
88%
French
75%
German
75%
Russian
75%
Arabic
63%
Icelandic
63%
Italian
63%
Spanish
63%
Afrikaans
50%
Albanian
50%
Bulgarian
50%
Dutch
50%
Finnish
50%
Greek
50%
Hindi
50%
Irish
50%
Japanese
50%
Norwegian/Bokmal
50%
Polish
50%
Scots Gaelic/Scottish Gaelic
50%
Amharic
38%
Assamese
38%
Belarusian
38%
Bengali
38%
Bosnian
38%
Catalan
38%
Croatian
38%
Danish
38%
Armenian
38%
Estonian
38%
Frisian
38%
Galician
38%
Korean
38%
Latin
38%
Latvian
38%
Lithuanian
38%
Malagasy
38%
Pashto
38%
Persian
38%
Portuguese
38%
Punjabi
38%
Romanian
38%
Serbian
38%
Swedish
38%
Thai
38%
Urdu
38%
Welsh
38%
Azerbaijani
25%
Basque
25%
Czech
25%
Georgian
25%
Haitian Creole
25%
Hmong
25%
Hungarian
25%
Indonesian/Bahasa Indonesia
25%
Javanese
25%
Kannada
25%
Kazakh
25%
Lao
25%
Luxembourgish
25%
Macedonian
25%
Malay/Bahasa Malaysia
25%
Marathi
25%
Mongolian
25%
Nepali
25%
Odia/Oriya
25%
Sesotho
25%
Sindhi
25%
Sinhala
25%
Slovak
25%
Slovenian
25%
Tajik
25%
Tamil
25%
Tatar
25%
Telugu
25%
Turkish
25%
Turkmen
25%
Ukranian
25%
Uzbek
25%
Vietnamese
25%
Zulu
25%
Aymara
13%
Bhojpuri
13%
Chichewa
13%
Corsican
13%
Dogri
13%
Esperanto
13%
Ewe
13%
Filipino
13%
Guarani
13%
Hausa
13%
Hawaiian
13%
Hebrew
13%
Igbo
13%
Ilocano
13%
Khmer
13%
Kinyarwanda
13%
Konkani
13%
Krio
13%
Kurmanji Kurdish
13%
Kyrgz
13%
Lingala
13%
Luganda
13%
Maithili
13%
Malayalam
13%
Maltese
13%
Maori
13%
Meiteilon/Manipuri
13%
Mizo
13%
Myanmar/Burmese
13%
Oromo
13%
Quechua
13%
Samoan
13%
Sanskrit
13%
Shona
13%
Simplified Chinese
13%
Somali
13%
Sorani Kurdish
13%
Sudanese
13%
Swahili
13%
Tigrinya
13%
Traditional Chinese
13%
Tsonga
13%
Twi
13%
Uyghur
13%
Xhosa
13%
Yiddish
13%
Yoruba
13%
Bambara
0%
Ceubano
0%
Dhivehi
0%
Sepidi
0%
Western Frisian
0%
No matching quizzes found
Score Distribution
Percent of People with Each Score
Percentile by Number Answered
Your Score History
You have not taken this quiz